English Football Quiz - Statistics

General Stats
  • This quiz has been taken 68 times
  • The average score is 8 of 10
Answer Stats
Question Answer % Correct
Which club is nicknamed "The Gunners"? Arsenal
96%
Which club plays at Anfield? Liverpool
96%
What is the name of the English top flight league? Premier League
96%
Which club committed 115 FFP breaches from 2009 to 2018? Manchester City
89%
Which club was formerly owned by Russian oligarch Roman Abrahamovic? Chelsea
85%
Which club has won the most English top flight titles? Manchester United
85%
How many AUTOMATIC Champions League spots does England receive? 4
78%
Which club won the 1979 and 1980 European Cup? Nottingham Forest
70%
Which clubs last trophy was the 2008 EFL Cup? Tottenham Hotspur
67%
Which club moved to Milton Keynes, And got renamed MK Dons? Wimbledon FC
59%
No matching quizzes found
Score Distribution
Percent of People with Each Score
Percentile by Number Answered
Your Score History
You have not taken this quiz